|
|
|
|
| LEADER |
01019nam#a2200313#a#4500 |
| 001 |
007507 |
| 003 |
AR-BeUNQ |
| 005 |
20190711085034.0 |
| 008 |
011005s1982####ag##################spa#d |
| 999 |
|
|
|c 10088
|d 85475
|
| 020 |
|
|
|a 9500770342
|
| 040 |
|
|
|a AR-beUNQ
|e aacr
|
| 099 |
|
|
|a 01-J12
|
| 245 |
0 |
0 |
|a La política internacional de los años 80: una perspectiva latinoamericana
|c Helio Jaguaribe.
|
| 260 |
|
|
|a Buenos Aires :
|b Editorial de Belgrano,
|c 1982
|
| 300 |
|
|
|a 322 p
|
| 490 |
0 |
|
|a Temas de política internacional
|
| 650 |
|
7 |
|a POLITICA
|2 Spines
|
| 650 |
|
7 |
|a POLITICA ECONOMICA
|2 Spines
|
| 650 |
|
7 |
|a POLITICA EXTERIOR
|2 Spines
|
| 650 |
|
7 |
|a RELACIONES INTERNACIONALES
|2 Spines
|
| 651 |
|
7 |
|a ESTADOS UNIDOS
|2 toit
|
| 651 |
|
7 |
|a EUROPA
|2 Spines
|
| 651 |
|
7 |
|a UNION DE REPUBLICAS SOCIALISTAS SOVIETICAS
|2 Spines
|
| 651 |
|
7 |
|a AFRICA
|2 Spines
|
| 651 |
|
7 |
|a AMERICA LATINA
|2 toit
|
| 700 |
1 |
|
|a Jaguaribe, Helio
|e comp
|4 com
|
| 929 |
|
|
|a COMPRA
|b Patricia Rodriguez
|d 4,00E
|e 20011005
|f patrimonio
|j 30209
|
| 942 |
|
|
|c LIB
|n 0
|